Basic Concepts on Solid Phase Synthesis and Combinatorial Chemistry/ (Record no. 191301)

MARC details
000 -LEADER
fixed length control field 00632nam a22001817a 4500
005 - DATE AND TIME OF LATEST TRANSACTION
control field 20220824115542.0
010 ## - LCCN (DPL NO)
LC control number ENG-134624
020 ## - INTERNATIONAL STANDARD BOOK NUMBER
International Standard Book Number 9788195318902
Terms of availability 200.00
035 ## - SYSTEM CONTROL NUMBER
System control number EN-118156
037 ## - SOURCE OF ACQUISITION
Source of stock number/acquisition DBAD/PUB
082 ## - DEWEY DECIMAL CLASSIFICATION NUMBER
Classification number 540
100 ## - MAIN ENTRY--PERSONAL NAME
Personal name Bandyopadhyay, Chandrakanta
245 ## - TITLE STATEMENT
Title Basic Concepts on Solid Phase Synthesis and Combinatorial Chemistry/
Statement of responsibility, etc Chandrakanta Bandyopadhyay
260 ## - PUBLICATION, DISTRIBUTION, ETC. (IMPRINT)
Place of publication, distribution, etc Kolkata
Name of publisher, distributor, etc Books & Allied (P) Ltd
Date of publication, distribution, etc 2022
270 ## - ADDRESS
Address 83/1, Dr. S.C. Banerjee Road, Beliaghata
City Kolkata
Postal code 700010
Electronic mail address booksandallied1960@gmail.com
300 ## - PHYSICAL DESCRIPTION
Extent 136p.
Other physical details Index
Dimensions 24cm(pbk)
942 ## - ADDED ENTRY ELEMENTS (KOHA)
Source of classification or shelving scheme Dewey Decimal Classification
Item type English Books
Classification part 540
Call number suffix BAN
Holdings
Withdrawn status Lost status Not for loan Collection code Home library Current library Date acquired Source of acquisition Cost, normal purchase price Full call number Barcode Copy number Cost, replacement price Koha item type
      Non-fiction Ashok Vihar Ashok Vihar 24/08/2022 DBAD/PUB 200.00 540 BAN EN-118156 1 200.00 English Books

© Delhi Public Library
Hit Counter
free hit counter